00929nam a2200265Ia 4500001000700000003000500007008004100012010001100053020001800064040000900082082001500091245016200106260005600268300001100324503002800335504003800363650002300401650002100424650003900445650003300484650002000517700003900537700004100576700004600617Z_6161CHAP220113s2008 xx 000 0 und d a169395 a968-839-335-5 cCHAP a636.08 G36 aGanadería y desarrollo rural en tiempos de crisis /ccoordinadores Beatriz A. Cavallotti Vázquez, Benito Ramírez Valverde y Carlos F. Marcof Álvarez aMéxico :bUACH. Departamento de Zootecnia,c2008 a356 p. aej.1 - ej.5: Donación aIncluye bibliografía e índice aCrisis económica aDesarrollo rural aGanaderíaxAspectos económicos aGanaderíaxInvestigación aGlobalización a Marcof Alvarez, Carlos F., coord. a Ramírez Valverde, Benito, coord.  aCavallotti Vázquez, Beatriz A., coord.